[Event "DEM U10w 2019"]
[Site "Willingen GER"]
[Date "2019.06.11"]
[Round "5"]
[White "Bangiev, Katharina"]
[Black "Vöcking, Julia"]
[Result "1-0"]
[Termination "normal"]
[Board "6"]
[WhiteElo "1003"]
[BlackElo "812"]
[WhiteClock "01:12:48"]
[BlackClock "01:18:46"]
[PlyCount "95"]
[WhiteFideId "16267230"]
[BlackFideId "16287444"]
[EventCountry "GER"]
[EventRounds "11"]
[EventType "swiss"]
[EventDate "2019.06.08"]

1. Nf3 {[%clk 1:15:53]} 1... f5 {[%clk 1:15:53]} 2. g3 {[%clk 1:16:14]} 2... g6
{[%clk 1:16:16]} 3. Bg2 {[%clk 1:16:36]} 3... Nf6 {[%clk 1:16:40]} 4. O-O {
[%clk 1:16:56]} 4... Bg7 {[%clk 1:17:04]} 5. d3 {[%clk 1:17:15]} 5... O-O {
[%clk 1:17:27]} 6. Nc3 {[%clk 1:17:34]} 6... Nc6 {[%clk 1:17:52]} 7. e4 { [%clk
1:17:50]} 7... d6 {[%clk 1:18:13]} 8. Be3 {[%clk 1:17:43]} 8... e5 { [%clk
1:18:31]} 9. Qd2 {[%clk 1:16:03]} 9... d5 {[%clk 1:18:15]} 10. exd5 { [%clk
1:15:47]} 10... Nxd5 {[%clk 1:18:15]} 11. Nxd5 {[%clk 1:15:55]} 11... Qxd5
{[%clk 1:18:22]} 12. c4 {[%clk 1:15:59]} 12... Qa5 {[%clk 1:18:04]} 13. Qxa5
{[%clk 1:13:18]} 13... Nxa5 {[%clk 1:18:25]} 14. b4 {[%clk 1:13:32]} 14... Nc6
{[%clk 1:18:15]} 15. b5 {[%clk 1:13:43]} 15... Nd4 {[%clk 1:18:39]} 16. Nxd4
{[%clk 1:13:51]} 16... exd4 {[%clk 1:19:01]} 17. Bf4 {[%clk 1:14:06]} 17... c5
{[%clk 1:19:04]} 18. Bd6 {[%clk 1:14:05]} 18... Re8 {[%clk 1:18:55]} 19. Bxc5
{[%clk 1:14:07]} 19... Bd7 {[%clk 1:18:48]} 20. Bxb7 {[%clk 1:13:50]} 20...
Rab8 {[%clk 1:18:46]} 21. Bd5+ {[%clk 1:13:42]} 21... Be6 {[%clk 1:18:54] } 22.
Bxe6+ {[%clk 1:13:33]} 22... Rxe6 {[%clk 1:19:00]} 23. Bxa7 { [%clk 1:13:19]}
23... Rbe8 {[%clk 1:19:09]} 24. b6 {[%clk 1:13:10]} 24... Be5 { [%clk 1:17:59]}
25. b7 {[%clk 1:12:59]} 25... Bc7 {[%clk 1:18:00]} 26. Rab1 { [%clk 1:13:18]}
26... Re2 {[%clk 1:15:57]} 27. b8=Q {[%clk 1:12:11]} 27... Bxb8 {[%clk
1:15:56]} 28. Rxb8 {[%clk 1:12:08]} 28... Rxb8 {[%clk 1:16:09]} 29. Bxb8 {[%clk
1:12:31]} 29... Kf7 {[%clk 1:16:24]} 30. Ra1 {[%clk 1:12:36]} 30... h5 { [%clk
1:16:38]} 31. a4 {[%clk 1:13:00]} 31... g5 {[%clk 1:16:57]} 32. a5 { [%clk
1:13:22]} 32... h4 {[%clk 1:17:23]} 33. a6 {[%clk 1:13:20]} 33... h3 { [%clk
1:17:34]} 34. a7 {[%clk 1:13:42]} 34... Kg6 {[%clk 1:17:58]} 35. a8=Q { [%clk
1:14:02]} 35... g4 {[%clk 1:17:32]} 36. Qa6+ {[%clk 1:13:57]} 36... Kh5 { [%clk
1:17:39]} 37. Qa7 {[%clk 1:13:36]} 37... Kg5 {[%clk 1:16:57]} 38. Bf4+ { [%clk
1:13:27]} 38... Kf6 {[%clk 1:17:07]} 39. Ra6+ {[%clk 1:13:41]} 39... Re6 {[%clk
1:17:20]} 40. Rxe6+ {[%clk 1:14:04]} 40... Kxe6 {[%clk 1:17:42]} 41. Qb6+
{[%clk 1:14:03]} 41... Kf7 {[%clk 1:17:52]} 42. Qd6 {[%clk 1:13:44]} 42... Kg7
{[%clk 1:18:07]} 43. Be5+ {[%clk 1:13:09]} 43... Kh7 {[%clk 1:18:11]} 44. f3
{[%clk 1:12:25]} 44... gxf3 {[%clk 1:18:21]} 45. Kf2 {[%clk 1:12:46]} 45... f4
{[%clk 1:18:40]} 46. Kxf3 {[%clk 1:13:01]} 46... Kg8 {[%clk 1:18:31]} 47. Qf6
{[%clk 1:12:48]} 47... Kh7 {[%clk 1:18:46]} 48. Qg7# 1-0

[Event "DEM U10w 2019"]
[Site "Willingen GER"]
[Date "2019.06.11"]
[Round "5"]
[White "Schülke, Rosalie"]
[Black "Pröttel, Ela"]
[Result "0-1"]
[Termination "normal"]
[Board "7"]
[WhiteElo "995"]
[BlackElo "1333"]
[PlyCount "62"]
[WhiteFideId "16287436"]
[BlackFideId "44582749"]
[EventCountry "GER"]
[EventRounds "11"]
[EventType "swiss"]
[EventDate "2019.06.08"]

1. e4 d5 2. exd5 Qxd5 3. Nc3 Qa5 4. d4 Nf6 5. Bc4 Nc6 6. Nge2 Bg4 7. f3 Be6 8.
Bxe6 fxe6 9. Bf4 O-O-O 10. O-O e5 11. Be3 exd4 12. Nxd4 Nxd4 13. Bxd4 e5 14.
Qe2 exd4 15. Qe6+ Kb8 16. Ne4 Nxe4 17. fxe4 d3 18. Rad1 Bc5+ 19. Kh1 dxc2 20.
Rxd8+ Rxd8 21. Qg4 a6 22. a3 Qd2 23. h3 c1=Q 24. Rxc1 Qxc1+ 25. Kh2 Bd6+ 26. g3
Qd2+ 27. Kh1 Qe1+ 28. Kg2 Bc5 29. Qf3 Rd2+ 30. Qf2 Qxf2+ 31. Kh1 Rd1# 0-1

[Event "DEM U10w 2019"]
[Site "Willingen GER"]
[Date "2019.06.11"]
[Round "5"]
[White "Lichtenegger, Katharina"]
[Black "Bauer, Laura Sophie"]
[Result "1-0"]
[Termination "normal"]
[Board "8"]
[WhiteElo "1238"]
[BlackElo "1356"]
[PlyCount "81"]
[WhiteFideId "16287355"]
[BlackFideId "16253647"]
[EventCountry "GER"]
[EventRounds "11"]
[EventType "swiss"]
[EventDate "2019.06.08"]

1. e4 c5 2. Nc3 a6 3. Nf3 e6 4. g3 Ne7 5. Bg2 g6 6. O-O Bg7 7. d3 O-O 8. Bf4
Nbc6 9. Re1 e5 10. Be3 d6 11. a3 f5 12. Qd2 fxe4 13. dxe4 Bg4 14. Qd1 Nd4 15.
Bxd4 cxd4 16. Nb1 d5 17. h3 dxe4 18. hxg4 exf3 19. Bxf3 Nd5 20. c3 Qd7 21. cxd4
exd4 22. Qb3 Rad8 23. Nd2 Kh8 24. Nc4 Qf7 25. Nd2 h5 26. Rf1 hxg4 27. Bxg4 Nf6
28. Be6 Qe8 29. g4 g5 30. Kg2 Qc6+ 31. f3 Nd5 32. Rh1+ Bh6 33. Bf5 Kg7 34. Rh2
Ne3+ 35. Kf2 Nxf5 36. gxf5 Rxf5 37. Qd3 g4 38. Qxf5 gxf3 39. Rg1+ Bg5 40. Rxg5+
Qg6 41. Rxg6# 1-0

[Event "DEM U10w 2019"]
[Site "Willingen GER"]
[Date "2019.06.11"]
[Round "5"]
[White "Trunz, Tamila"]
[Black "Ezold, Johanna Sophie"]
[Result "1-0"]
[Termination "normal"]
[Board "9"]
[WhiteElo "1273"]
[BlackElo "1076"]
[PlyCount "83"]
[WhiteFideId "16267885"]
[BlackFideId "16275411"]
[EventCountry "GER"]
[EventRounds "11"]
[EventType "swiss"]
[EventDate "2019.06.08"]

1. e4 e5 2. Nf3 Nc6 3. Bb5 a6 4. Ba4 b5 5. Bb3 a5 6. c3 Nf6 7. O-O Nxe4 8. Qe2
d5 9. Qxb5 Qd6 10. Bxd5 Bd7 11. Bxe4 Be7 12. Bxc6 Bxc6 13. Qxe5 Qg6 14. Re1 O-O
15. Qg3 Qxg3 16. hxg3 Bd6 17. d4 Bd5 18. Bf4 Bxf4 19. gxf4 Rad8 20. Nbd2 Rd6
21. c4 Bb7 22. Re7 Rc8 23. Rae1 h6 24. Re8+ Rxe8 25. Rxe8+ Kh7 26. Re7 f6 27.
Rxc7 Ba6 28. d5 Rd8 29. Nd4 Re8 30. Ne6 Bc8 31. Nxg7 Re1+ 32. Kh2 Ba6 33. f5
Rd1 34. Nh5+ Kg8 35. Nxf6+ Kf8 36. Nde4 Rb1 37. Rh7 Rxb2 38. d6 Rb1 39. d7 Rd1
40. Nd5 Kg8 41. Nef6+ Kf8 42. d8=Q# 1-0

[Event "DEM U10w 2019"]
[Site "Willingen GER"]
[Date "2019.06.11"]
[Round "5"]
[White "Moldovan, Stela"]
[Black "Jannicke, Svea"]
[Result "0-1"]
[Termination "normal"]
[Board "10"]
[WhiteElo "1193"]
[BlackElo "1062"]
[PlyCount "92"]
[WhiteFideId "16287380"]
[BlackFideId "16287320"]
[EventCountry "GER"]
[EventRounds "11"]
[EventType "swiss"]
[EventDate "2019.06.08"]

1. e4 c5 2. d4 cxd4 3. c3 d3 4. Bxd3 d6 5. Nf3 Nf6 6. Bg5 e6 7. Nbd2 Be7 8. Nc4
Nc6 9. Qe2 O-O 10. Rd1 Qc7 11. Qe3 Ng4 12. Qd2 Bxg5 13. Qxg5 Nf6 14. O-O h6 15.
Qg3 e5 16. Ne3 Ne7 17. Nf5 Nxf5 18. exf5 e4 19. Bxe4 Nxe4 20. Qg4 Nf6 21. Qf4
Rd8 22. h3 Qd7 23. Nd4 d5 24. Rd3 Qd6 25. Qd2 b6 26. Rg3 Ne4 27. Rxg7+ Kxg7 28.
f6+ Qxf6 29. Qe3 Bf5 30. g4 Bg6 31. f4 Re8 32. f5 Ng5 33. Qg3 Ne4 34. Qg2 Bh7
35. Nb5 Re7 36. Nd4 Rg8 37. Qh2 Kh8 38. Kh1 h5 39. Rf4 Re5 40. gxh5 Nxc3 41.
Rf1 Rxf5 42. Nxf5 Bxf5 43. bxc3 Be4+ 44. Qg2 Bxg2+ 45. Kh2 Qxf1 46. h6 Qh1# 0-1

[Event "DEM U10w 2019"]
[Site "Willingen GER"]
[Date "2019.06.11"]
[Round "5"]
[White "Krasikova, Milana"]
[Black "Bakó, Evelin"]
[Result "0-1"]
[Termination "normal"]
[Board "11"]
[WhiteElo "1023"]
[BlackElo "1152"]
[PlyCount "130"]
[WhiteFideId "16287347"]
[BlackFideId "16271823"]
[EventCountry "GER"]
[EventRounds "11"]
[EventType "swiss"]
[EventDate "2019.06.08"]

1. e4 c5 2. Nf3 e6 3. d4 cxd4 4. Nxd4 Nc6 5. c4 a6 6. Nc3 Qc7 7. Nf3 Nf6 8. a3
b6 9. Be3 Bb7 10. Na4 b5 11. cxb5 axb5 12. Bxb5 Qa5+ 13. Nc3 Nxe4 14. b4 Nxc3
15. bxa5 Nxd1 16. Rxd1 Rxa5 17. a4 Bb4+ 18. Bd2 Bxd2+ 19. Rxd2 f6 20. O-O Ra8
21. Rfd1 Rd8 22. Nd4 Nxd4 23. Rxd4 Bc8 24. a5 e5 25. Rd5 Ke7 26. a6 d6 27. Bc6
Bxa6 28. Bb5 Bxb5 29. Rxb5 Rb8 30. Rxb8 Rxb8 31. f3 Ke6 32. Kf2 h5 33. Ke3 Rb3+
34. Ke2 d5 35. h3 Rb2+ 36. Kd3 Rxg2 37. Ke3 Rg3 38. h4 Rh3 39. Rg1 d4+ 40. Ke2
Kf7 41. Kd3 Rxf3+ 42. Ke4 Rh3 43. Kf5 Rf3+ 44. Ke4 Rf4+ 45. Kd3 Rxh4 46. Ke2 g5
47. Kf2 Rf4+ 48. Kg3 Rg4+ 49. Kh2 Rxg1 50. Kxg1 d3 51. Kf2 h4 52. Ke3 h3 53.
Kxd3 h2 54. Ke2 h1=Q 55. Kf2 Ke6 56. Ke3 f5 57. Kf2 Kd5 58. Ke3 f4+ 59. Kf2 g4
60. Ke2 Qf3+ 61. Kd2 g3 62. Kc2 g2 63. Kd2 g1=Q 64. Kc2 Qgd1+ 65. Kb2 Qfb3# 0-1

[Event "DEM U10w 2019"]
[Site "Willingen GER"]
[Date "2019.06.11"]
[Round "5"]
[White "Moradi, Yassaman"]
[Black "Niederdorfer, Mathilda"]
[Result "1-0"]
[Termination "normal"]
[Board "12"]
[WhiteElo "1174"]
[BlackElo "1036"]
[PlyCount "53"]
[WhiteFideId "16279964"]
[BlackFideId "16275845"]
[EventCountry "GER"]
[EventRounds "11"]
[EventType "swiss"]
[EventDate "2019.06.08"]

1. e4 d5 2. exd5 Qxd5 3. Nc3 Qd6 4. d4 c6 5. Nf3 Bf5 6. Be3 Nf6 7. Qd2 e6 8. h3
Qc7 9. O-O-O Bd6 10. g4 Be4 11. Bg2 Nbd7 12. Bg5 Bxf3 13. Bxf3 Nd5 14. Nxd5
cxd5 15. Kb1 O-O 16. h4 a5 17. Be3 b5 18. g5 a4 19. h5 b4 20. g6 h6 21. Bxh6
gxh6 22. Qxh6 Nf6 23. g7 Nh7 24. gxf8=Q+ Nxf8 25. Rdg1+ Ng6 26. hxg6 f6 27.
Qh8# 1-0

[Event "DEM U10w 2019"]
[Site "Willingen GER"]
[Date "2019.06.11"]
[Round "5"]
[White "Tran, Hanna Emilie Mai Hoa"]
[Black "Müller, Riyanna"]
[Result "0-1"]
[Termination "normal"]
[Board "15"]
[WhiteElo "1010"]
[BlackElo "918"]
[PlyCount "116"]
[WhiteFideId "16267869"]
[BlackFideId "16287401"]
[EventCountry "GER"]
[EventRounds "11"]
[EventType "swiss"]
[EventDate "2019.06.08"]

1. e4 e5 2. Nf3 Nc6 3. Bc4 Bc5 4. Nc3 Nf6 5. d3 d6 6. h3 Be6 7. Bb5 Qd7 8. Bg5
a6 9. Bxf6 gxf6 10. Ba4 Rg8 11. Nd5 Rg6 12. Qd2 Bxd5 13. exd5 b5 14. dxc6 Qxc6
15. Bb3 Rxg2 16. O-O-O Qxf3 17. Rhf1 Rxf2 18. Rxf2 Bxf2 19. Rf1 Qg2 20. Qxf2
Qxf2 21. Rxf2 Ke7 22. Bd5 Rg8 23. c4 Rg3 24. Rf3 Rg1+ 25. Kc2 c5 26. cxb5 axb5
27. Be4 h6 28. b4 Re1 29. a4 cxb4 30. a5 Ra1 31. Rf5 Rxa5 32. Rh5 Ke6 33. Rxh6
Ra1 34. h4 Ra2+ 35. Kd1 Rh2 36. Ke1 d5 37. Bf3 Kf5 38. Kf1 e4 39. Kg1 Rh3 40.
Bg2 Rxd3 41. Rh8 e3 42. Bf3 Kf4 43. Be2 Ke4 44. Bxd3+ Kxd3 45. Kf1 Kd2 46. Re8
d4 47. h5 d3 48. h6 e2+ 49. Rxe2+ dxe2+ 50. Kg2 e1=Q 51. h7 Qh4 52. h8=Q Qxh8
53. Kf3 Qh4 54. Kg2 Qf4 55. Kg1 Ke2 56. Kg2 Qg4+ 57. Kh1 Kf2 58. Kh2 Qg2# 0-1

[Event "DEM U10w 2019"]
[Site "Willingen GER"]
[Date "2019.06.11"]
[Round "5"]
[White "Struebel, Katharina"]
[Black "Richter, Johanna"]
[Result "1-0"]
[Termination "normal"]
[Board "16"]
[WhiteElo "852"]
[BlackElo "936"]
[PlyCount "83"]
[WhiteFideId "16284879"]
[BlackFideId "16278925"]
[EventCountry "GER"]
[EventRounds "11"]
[EventType "swiss"]
[EventDate "2019.06.08"]

1. e4 d6 2. d4 Nf6 3. Nc3 g6 4. f4 e5 5. dxe5 dxe5 6. Qxd8+ Kxd8 7. fxe5 Nfd7
8. Nf3 Bg7 9. Bf4 Na6 10. Bc4 Ke7 11. Nd5+ Kd8 12. Bg5+ f6 13. exf6 Bxf6 14.
Nxf6 h6 15. Nxd7+ hxg5 16. Nde5 Nb4 17. Nf7+ Ke8 18. Nxh8 Nxc2+ 19. Kd2 Nxa1
20. Rxa1 g4 21. Ng5 Bd7 22. Nxg6 Kd8 23. Be6 Bxe6 24. Nxe6+ Ke8 25. Rf1 Rc8 26.
Rf8+ Kd7 27. Rxc8 Kxc8 28. Ng5 Kb8 29. e5 Kc8 30. e6 Kd8 31. e7+ Ke8 32. Ne6
Kf7 33. Nxc7 Kxg6 34. e8=Q+ Kg5 35. Qe5+ Kh4 36. Qg3+ Kg5 37. Ne6+ Kh5 38. Qe5+
Kh4 39. g3+ Kh3 40. Ke2 Kxh2 41. Kf2 Kh3 42. Qh5# 1-0

[Event "DEM U10w 2019"]
[Site "Willingen GER"]
[Date "2019.06.11"]
[Round "5"]
[White "Stepanjan, Tatevik Mia"]
[Black "Orlova, Anna-Daria"]
[Result "0-1"]
[Termination "normal"]
[Board "17"]
[WhiteElo "940"]
[BlackElo "1095"]
[PlyCount "94"]
[WhiteFideId "16246128"]
[BlackFideId "16275381"]
[EventCountry "GER"]
[EventRounds "11"]
[EventType "swiss"]
[EventDate "2019.06.08"]

1. e4 e5 2. Nf3 Nc6 3. Nc3 Nf6 4. Bb5 Bd6 5. d4 exd4 6. Nxd4 Bc5 7. Nxc6 dxc6
8. Bc4 Be6 9. Bxe6 fxe6 10. O-O O-O 11. Re1 Qxd1 12. Rxd1 Rad8 13. Bg5 Rxd1+
14. Rxd1 h6 15. Bh4 Ng4 16. Rf1 Bb4 17. f3 Bc5+ 18. Kh1 Bd4 19. Rd1 Nf2+ 20.
Bxf2 Bxf2 21. Rd7 Rf7 22. Rxf7 Kxf7 23. Nd1 Bh4 24. g3 Bf6 25. b3 b5 26. Ne3 a5
27. Ng4 h5 28. Nxf6 Kxf6 29. Kg2 c5 30. Kh3 g5 31. g4 Kg6 32. gxh5+ Kxh5 33.
Kg3 e5 34. c4 b4 35. h3 c6 36. a4 bxa3 37. Kf2 a2 38. Ke3 a1=Q 39. Kf2 Qb2+ 40.
Ke1 Qxb3 41. Kd2 a4 42. Kc1 a3 43. Kd2 a2 44. Ke2 a1=R 45. Kf2 Kh4 46. Ke2 Ra2+
47. Ke1 Qb1# 0-1

[Event "DEM U10w 2019"]
[Site "Willingen GER"]
[Date "2019.06.11"]
[Round "5"]
[White "Helber, Anna"]
[Black "Wehling, Ida"]
[Result "0-1"]
[Termination "normal"]
[Board "18"]
[WhiteElo "896"]
[BlackElo "1093"]
[PlyCount "66"]
[WhiteFideId "16287290"]
[BlackFideId "16287452"]
[EventCountry "GER"]
[EventRounds "11"]
[EventType "swiss"]
[EventDate "2019.06.08"]

1. e4 e5 2. Nf3 Nc6 3. Bc4 Bc5 4. d3 h6 5. Nc3 Nf6 6. Be3 Bb6 7. Qd2 d6 8. h3
Be6 9. Bb3 Qd7 10. O-O d5 11. Qe2 d4 12. Na4 dxe3 13. fxe3 a6 14. c3 Ba7 15.
Bc2 O-O-O 16. Rfd1 Kb8 17. d4 Ne7 18. dxe5 Qc6 19. exf6 gxf6 20. b3 b5 21. Nb2
Qxc3 22. Rab1 Rxd1+ 23. Bxd1 Bxe3+ 24. Kf1 Ba7 25. Rc1 Qxc1 26. Nd3 Qc6 27. e5
Nf5 28. Qd2 Qe4 29. Be2 fxe5 30. Ndxe5 Ne3+ 31. Ke1 Nxg2+ 32. Kf1 Bxh3 33. Nxf7
Nh4+ 0-1

[Event "DEM U10w 2019"]
[Site "Willingen GER"]
[Date "2019.06.11"]
[Round "5"]
[White "Hoffmann, Svenja"]
[Black "Marrufo, Emilia"]
[Result "1-0"]
[Termination "normal"]
[Board "19"]
[WhiteElo "1072"]
[BlackElo "753"]
[PlyCount "49"]
[WhiteFideId "16287312"]
[BlackFideId "16287363"]
[EventCountry "GER"]
[EventRounds "11"]
[EventType "swiss"]
[EventDate "2019.06.08"]

1. e4 d5 2. exd5 Qxd5 3. Nc3 Qd8 4. d4 Nf6 5. Nf3 Bg4 6. h3 Bh5 7. Bf4 Nbd7 8.
Be2 e6 9. Qd2 Nb6 10. O-O-O Bb4 11. a3 Ba5 12. g4 Bg6 13. Ne5 c6 14. h4 h6 15.
Nxg6 fxg6 16. Qd3 Qd7 17. Qxg6+ Qf7 18. Qxf7+ Kxf7 19. g5 Nbd5 20. Nxd5 Nxd5
21. g6+ Kxg6 22. Rhg1+ Kf7 23. Bh5+ Kg8 24. Be5 Rf8 25. Rxg7# 1-0

[Event "DEM U10w 2019"]
[Site "Willingen GER"]
[Date "2019.06.11"]
[Round "5"]
[White "Matthes, Aimee"]
[Black "Engeln, Helene"]
[Result "1-0"]
[Termination "normal"]
[Board "20"]
[WhiteElo "918"]
[BlackElo "825"]
[PlyCount "53"]
[WhiteFideId "16287371"]
[BlackFideId "16287274"]
[EventCountry "GER"]
[EventRounds "11"]
[EventType "swiss"]
[EventDate "2019.06.08"]

1. e4 e5 2. Nf3 Nc6 3. Bc4 Bc5 4. c3 Nf6 5. d4 exd4 6. cxd4 Bb4+ 7. Nc3 d6 8.
d5 Bxc3+ 9. bxc3 Na5 10. O-O Nxc4 11. Qa4+ Qd7 12. Qxc4 O-O 13. e5 dxe5 14.
Nxe5 Qxd5 15. Qxc7 Nh5 16. Nf3 Qe6 17. Ba3 Qg6 18. Bxf8 Bh3 19. Nh4 Qg5 20. Be7
Qg4 21. f3 Qd7 22. Qxd7 Bxd7 23. Rfd1 Be8 24. Bd8 a5 25. Rd2 b5 26. Rad1 Rc8
27. Bxa5 1-0

[Event "DEM U10w 2019"]
[Site "Willingen GER"]
[Date "2019.06.11"]
[Round "5"]
[White "Janssen, Julika"]
[Black "Kopylov, Diana"]
[Result "0-1"]
[Termination "normal"]
[Board "21"]
[WhiteElo "839"]
[BlackElo "922"]
[PlyCount "50"]
[WhiteFideId "16287339"]
[BlackFideId "16268865"]
[EventCountry "GER"]
[EventRounds "11"]
[EventType "swiss"]
[EventDate "2019.06.08"]

1. e4 e5 2. Nf3 Nc6 3. Bc4 Bc5 4. Nc3 Nf6 5. d3 h6 6. Be3 Bb6 7. Qd2 O-O 8.
O-O-O d6 9. h3 Be6 10. Bxh6 Nh7 11. Nd5 Bxd5 12. Bxd5 Ba5 13. Qe3 Nb4 14. h4
Nxd5 15. exd5 f6 16. Rh3 gxh6 17. Qxh6 Rf7 18. Rg3+ Kh8 19. Qg6 Qd7 20. Rh1
Raf8 21. Rhh3 Qa4 22. Ng5 fxg5 23. Rxg5 Qxa2 24. Kd1 Qa1+ 25. Ke2 Qe1# 0-1

[Event "DEM U10w 2019"]
[Site "Willingen GER"]
[Date "2019.06.12"]
[Round "7"]
[White "Haug, Mara"]
[Black "Mirnaya, Veronika"]
[Result "0-1"]
[Termination "normal"]
[Board "1"]
[WhiteElo "1097"]
[BlackElo "1237"]
[WhiteClock "00:18:59"]
[BlackClock "00:11:19"]
[PlyCount "140"]
[WhiteFideId "16259300"]
[BlackFideId "16277406"]
[EventCountry "GER"]
[EventRounds "11"]
[EventType "swiss"]
[EventDate "2019.06.08"]

1. c4 {[%clk 1:15:58]} 1... e5 {[%clk 1:15:38]} 2. Nc3 {[%clk 1:16:19]} 2...
Nf6 {[%clk 1:15:10]} 3. g3 {[%clk 1:16:33]} 3... Bc5 {[%clk 1:13:38]} 4. Bg2 {
[%clk 1:16:15]} 4... O-O {[%clk 1:12:17]} 5. Nf3 {[%clk 1:15:33]} 5... Re8 {
[%clk 1:08:24]} 6. d3 {[%clk 1:11:58]} 6... h6 {[%clk 1:08:20]} 7. O-O { [%clk
1:08:07]} 7... c6 {[%clk 1:08:35]} 8. e3 {[%clk 1:03:45]} 8... d5 { [%clk
1:06:57]} 9. cxd5 {[%clk 1:02:21]} 9... cxd5 {[%clk 1:07:18]} 10. e4 { [%clk
0:59:55]} 10... d4 {[%clk 1:04:33]} 11. Na4 {[%clk 0:54:44]} 11... Nbd7 { [%clk
1:04:05]} 12. Bd2 {[%clk 0:50:05]} 12... Bf8 {[%clk 1:03:41]} 13. b3 { [%clk
0:45:13]} 13... b5 {[%clk 0:58:02]} 14. Nb2 {[%clk 0:44:10]} 14... Ba3 { [%clk
0:57:23]} 15. Qc2 {[%clk 0:43:20]} 15... Bb7 {[%clk 0:54:32]} 16. b4 { [%clk
0:40:16]} 16... Rc8 {[%clk 0:51:36]} 17. Qb3 {[%clk 0:38:50]} 17... Bxb2 {[%clk
0:51:44]} 18. Qxb2 {[%clk 0:39:10]} 18... Nb6 {[%clk 0:50:27]} 19. Rac1 {[%clk
0:35:37]} 19... Qd6 {[%clk 0:43:27]} 20. Rxc8 {[%clk 0:32:31]} 20... Rxc8
{[%clk 0:43:04]} 21. Rc1 {[%clk 0:30:17]} 21... Bc6 {[%clk 0:39:46]} 22. Qa3
{[%clk 0:26:43]} 22... Na4 {[%clk 0:38:45]} 23. Qb3 {[%clk 0:24:19]} 23... Nd7
{[%clk 0:34:03]} 24. Bh3 {[%clk 0:22:00]} 24... Bb7 {[%clk 0:28:26]} 25. Rxc8+
{[%clk 0:21:07]} 25... Bxc8 {[%clk 0:28:43]} 26. Qc2 {[%clk 0:19:49]} 26...
Nab6 {[%clk 0:25:17]} 27. Be1 {[%clk 0:17:59]} 27... f6 {[%clk 0:22:24]} 28.
Qb3+ {[%clk 0:17:11]} 28... Kh8 {[%clk 0:22:37]} 29. Qf7 {[%clk 0:14:58]} 29...
Qf8 {[%clk 0:14:58]} 30. Qxf8+ {[%clk 0:15:13]} 30... Nxf8 { [%clk 0:15:21]}
31. Bxc8 {[%clk 0:15:37]} 31... Nxc8 {[%clk 0:15:42]} 32. Kf1 { [%clk 0:15:08]}
32... Kg8 {[%clk 0:14:37]} 33. h4 {[%clk 0:14:37]} 33... Kf7 { [%clk 0:14:18]}
34. g4 {[%clk 0:14:26]} 34... Ke7 {[%clk 0:12:33]} 35. Bd2 { [%clk 0:14:06]}
35... Kd7 {[%clk 0:12:09]} 36. g5 {[%clk 0:13:35]} 36... fxg5 { [%clk 0:03:25]}
37. hxg5 {[%clk 0:14:00]} 37... hxg5 {[%clk 0:03:32]} 38. Bxg5 {[%clk 0:13:30]}
38... Ke6 {[%clk 0:01:43]} 39. Kg2 {[%clk 0:12:11]} 39... Ng6 {[%clk 0:01:12]}
40. Kg3 {[%clk 0:11:10]} 40... Nce7 {[%clk 0:00:48]} 41. Bxe7 {[%clk 0:08:21]}
41... Kxe7 {[%clk 0:01:13]} 42. Ng5 {[%clk 0:07:59]} 42... Nf4 {[%clk 0:00:52]}
43. Nf3 {[%clk 0:06:24]} 43... Nxd3 {[%clk 0:00:57]} 44. Kg2 { [%clk 0:06:04]}
44... Nf4+ {[%clk 0:00:52]} 45. Kf1 {[%clk 0:05:54]} 45... Kf6 46. Kg1 {[%clk
0:18:20]} 46... Ne2+ {[%clk 0:14:57]} 47. Kg2 {[%clk 0:17:58]} 47... Nc3 {[%clk
0:15:03]} 48. Nd2 {[%clk 0:16:56]} 48... Nxa2 {[%clk 0:15:06]} 49. f3 {[%clk
0:16:53]} 49... Nxb4 {[%clk 0:15:23]} 50. Kf1 {[%clk 0:16:32]} 50... a5 {[%clk
0:15:24]} 51. Ke2 {[%clk 0:16:12]} 51... Kg5 {[%clk 0:11:36]} 52. Kd1 {[%clk
0:16:03]} 52... Kf4 {[%clk 0:11:54]} 53. Kc1 {[%clk 0:15:56]} 53... Nc6 {[%clk
0:11:20]} 54. Kb2 {[%clk 0:15:38]} 54... Ke3 {[%clk 0:11:27]} 55. Kc2 {[%clk
0:15:42]} 55... a4 {[%clk 0:11:21]} 56. Kc1 {[%clk 0:15:56]} 56... a3 {[%clk
0:10:47]} 57. Kc2 {[%clk 0:15:47]} 57... Na5 {[%clk 0:10:07]} 58. Kc1 {[%clk
0:15:17]} 58... a2 {[%clk 0:08:28]} 59. Kb2 {[%clk 0:15:26]} 59... Kxd2 {[%clk
0:08:48]} 60. Kxa2 {[%clk 0:15:37]} 60... Kc2 {[%clk 0:09:02] } 61. Ka3 {[%clk
0:15:51]} 61... d3 {[%clk 0:09:09]} 62. Kb4 {[%clk 0:16:14]} 62... d2 {[%clk
0:09:21]} 63. Kxa5 {[%clk 0:16:38]} 63... d1=Q {[%clk 0:09:45]} 64. Kxb5 {[%clk
0:16:54]} 64... Qd4 {[%clk 0:10:05]} 65. Kc6 {[%clk 0:17:10]} 65... Kc3 {[%clk
0:09:45]} 66. Kb5 {[%clk 0:17:30]} 66... Qc4+ {[%clk 0:10:07]} 67. Kb6 {[%clk
0:17:50]} 67... Kb4 {[%clk 0:10:29]} 68. Kb7 {[%clk 0:18:13]} 68... Kb5 {[%clk
0:10:50]} 69. Kb8 {[%clk 0:18:30]} 69... Kb6 {[%clk 0:11:04]} 70. Ka8 {[%clk
0:18:59]} 70... Qc8# {[%clk 0:11:19]} 0-1